Podnikanie a inovácie v produktívnych regiónoch

Gespeichert in:
Bibliographische Detailangaben
1. Verfasser: Prividi, Dagmar
Format: Buchkapitel
Sprache:Slowakisch
Tags: Tag hinzufügen
Keine Tags, Fügen Sie das erste Tag hinzu!

MARC

LEADER 00000nla$a2200000$$$4500
001 0111648
005 20240502072233.6
041 0 |a slo 
044 |a SK 
245 1 0 |a Podnikanie a inovácie v produktívnych regiónoch  |c Dagmar Prividi 
100 1 |a Prividi, Dagmar